Direito e Processo do Trabalho Temas de acordo com a reforma trabalhista /

Detalles Bibliográficos
Autor principal: Leô Barreto, Daniel Arå
Otros Autores: Teixeira Ramos, Rafael, Batista Oliveira, Vanessa
Formato: eBook
Lenguaje:portugués
Publicado: San Pablo: LTR, 2019
Materias:
Acceso en línea:Acceso restringido

MARC

LEADER 00000nam a22000007a 4500
005 20190910230153.0
007 cr|||| ||||
008 190910s2019 br |||||s|||| 00||0 por d
020 |a 978-85-361-9936-8 
035 |a 30236 
040 |a vLex 
090 |c 9460  |d 9460 
100 1 |a Leô Barreto, Daniel Arå 
245 1 0 |a Direito e Processo do Trabalho  |h [Recurso electrn̤ico] :  |b Temas de acordo com a reforma trabalhista /  |c Daniel Arå Leô Barreto, Rafael Teixeira Ramos, Vanessa Batista Oliveira 
256 |a Servicio en ln̕ea 
260 |a San Pablo:  |b LTR,  |c 2019 
300 |a 1 recurso electrn̤ico 
506 1 |a Disponible solo en los productos indicados  |d vLex Global  |d vLex Global (Academic Edition, excluding Law Schools)  |d vLex Global (U.S. Academic Edition, Law Schools)  |d vLex Global (U.S. Academic Edition, excluding Law Schools)  |d vLex Global (Academic Edition, Law Schools) 
650 0 4 |a Procedimiento Laboral  |z Brasil 
700 1 |a Teixeira Ramos, Rafael 
700 1 |a Batista Oliveira, Vanessa 
740 0 |a vLex Libros (Servicio en ln̕ea) 
856 4 0 |u http://vlex.com/source/direito-processo-trabalho-temas-acordo-reforma-trabalhista-30236  |z Acceso restringido 
942 |c BOOK 
999 0 |a Labor Procedure